The yellow trumpets. (Record no. 115011)
[ view plain ]
| 000 -LEADER | |
|---|---|
| fixed length control field | 00305nam a2200121 a 4500 |
| 005 - DATE AND TIME OF LATEST TRANSACTION | |
| control field | 20140414132119.0 |
| 008 - FIXED-LENGTH DATA ELEMENTS--GENERAL INFORMATION | |
| fixed length control field | 111123s19uu xx 00 eng d |
| 050 ## - LIBRARY OF CONGRESS CALL NUMBER | |
| Classification number | ER |
| Item number | Y3 1996 |
| 100 ## - MAIN ENTRY--PERSONAL NAME | |
| Personal name | Blyton, Enid |
| 245 ## - TITLE STATEMENT | |
| Title | The yellow trumpets. |
| 260 ## - PUBLICATION, DISTRIBUTION, ETC. (IMPRINT) | |
| Place of publication, distribution, etc | Great Britain : |
| Name of publisher, distributor, etc | Parragon, |
| Date of publication, distribution, etc | 1996. |
| Withdrawn status | Lost status | Damaged status | Home library | Current library | Shelving location | Date acquired | Source of acquisition | Total Checkouts | Full call number | Barcode | Date last seen | Price effective from | Koha item type |
|---|---|---|---|---|---|---|---|---|---|---|---|---|---|
| Munich Library | Munich Library | Easy Reading Section | 11/23/2011 | ER Y3 1996 | M6963 | 04/14/2014 | 04/14/2014 | Books |